| 000 | 00734nam a22002297a 4500 | ||
|---|---|---|---|
| 005 | 20150807112818.0 | ||
| 010 | _aENG-113179 | ||
| 020 |
_c1195.00 _a9788180386442 |
||
| 035 | _aEN-96711 | ||
| 037 | _bDBAD/PUB | ||
| 082 | _a347.91 | ||
| 100 | _aRamanatha Aiyer, P. | ||
| 245 |
_aCross examination : _cby P.Ramanatha Aiyer [and] N.S. Ranganatha Aiyer _bprinciples and precedents / |
||
| 250 | _a4th ed by M.R. Mallick | ||
| 260 |
_bLexisNexis _c2011 _aGurgaon |
||
| 270 |
_bGurgaon _e122002 _a14th Floor, Building NO.10, Tower-B, DLF Cyber City, Phase-II, |
||
| 300 |
_alxxii,1085p. _c25cm(Hb) |
||
| 500 | _aIncludes index | ||
| 700 | _aRanganatha Aiyer, N.S. | ||
| 700 | _aMallick, M.R. | ||
| 942 |
_2ddc _cEN _mRAM _k347.91 |
||
| 999 |
_c94059 _d94059 |
||